Statistics for LGAs of New South Wales (Map)

Click here to take the quiz!

General Stats

  • This quiz has been taken 195 times
    (87 since last reset)
  • The average score is 73 of 131

Answers on the Map

Answers color-coded by a green-red scale on the quiz's map according to % correct below.
 

Answer Stats

LGA/Unincorporated Place% Correct
Sydney
95%
Broken Hill
89%
Newcastle
89%
Penrith
87%
Campbelltown
84%
Orange
84%
Tweed
84%
Albury
82%
Coffs Harbour
82%
Hornsby
82%
Northern Beaches
82%
Sutherland
82%
Liverpool
79%
Parramatta
79%
Wollongong
79%
Bathurst
76%
Blacktown
76%
Byron
76%
Central Coast
76%
Lismore
76%
Wagga Wagga
76%
Blue Mountains
74%
Camden
74%
Dubbo
74%
North Sydney
74%
The Hills
74%
Armidale
71%
Fairfield
71%
Maitland
71%
Randwick
71%
Ryde
71%
Canada Bay
68%
Canterbury
68%
Cumberland
68%
Griffith
68%
Hawkesbury
68%
Mosman
68%
Tamworth
68%
Bourke
66%
Cessnock
66%
Inner West
66%
Willoughby
66%
Ballina
63%
George's River
63%
Lane Cove
63%
Parkes
63%
Waverly
63%
Hunter's Hill
61%
Kiama
61%
Ku-ring-gai
61%
Shoalhaven
61%
Strathfield
61%
Wollondilly
61%
Bayside
58%
Burwood
58%
Hay
58%
Lithgow
58%
Singleton
58%
Cobar
55%
Lake Macquarie
55%
Muswellbrook
55%
Port Stephens
55%
Tenterfield
55%
Wentworth
55%
Dungog
53%
Queanbeyan-Palerang
53%
Shellharbour
53%
Woollahra
53%
Bega Valley
50%
Brewarrina
50%
Central Darling
50%
Greater Hume
50%
Kyogle
50%
Leeton
50%
Mid-Coast
50%
Oberon
50%
Richmond Valley
50%
Upper Hunter
50%
Walgett
50%
Cowra
47%
Eurobodalla
47%
Goulburn Mulwaree
47%
Murray River
47%
Snowy Monaro
47%
Wingecarribee
47%
Yass Valley
47%
Balranald
45%
Bellingen
45%
Clarence Valley
45%
Forbes
45%
Gunnedah
45%
Junee
45%
Kempsey
45%
Lockhart
45%
Moree Plains
45%
Snowy Valleys
45%
Unincorporated Far West
45%
Upper Lachlan
45%
Bogan
42%
Lachlan
42%
Nambucca
42%
Narrandera
42%
Port Macquarie-Hastings
42%
Bland
39%
Blayney
39%
Coonamble
39%
Edward River
39%
Federation
39%
Hilltops
39%
Warren
39%
Warrumbungle
39%
Berrigan
37%
Carrathool
37%
Coolamon
37%
Gilgandra
37%
Liverpool Plains
37%
Mid-western
37%
Murrumbidgee
37%
Narromine
37%
Temora
37%
Uralla
37%
Walcha
37%
Weddin
37%
Cabonne
34%
Cootamundra-Gundagai
34%
Gwydir
34%
Inverell
34%
Lord Howe
29%
Glenn Innes Severn
26%
Narrabri
26%

Score Distribution

Percentile by Number Answered

Percent of People with Each Score

Your Score History

You have not taken this quiz since the last reset